A montanha entre nós (Registo nº 5957)

Detalhes MARC
000 -Etiqueta do registo
Valores 01508nam a2200241 4500
010 ## - Número ISBN
ISBN 9789720041029
021 ## - Número do Depósito Legal
Número 318207/10
100 ## - Dados gerais de processamento
Dados gerais 20211231d2010 m||y0pory50030103ba
200 1# - Titulo e menção de responsabilidade
Título próprio A montanha entre nós
Primeira menção de responsabilidade Charles Martin
Outras menções de responsabilidade trad. Cláudia Ramos, Helena Ramos
210 #9 - Publicação
Local de publicação Porto
Nome do editor Porto Editora
Data de publicação 2010
215 ## - Descrição física 
Paginação / Volumes 359 p.
304 ## - Nota relativa ao título
Texto de nota Tít. orig.: The mountain between us
330 ## - Sumário ou Resumo
Texto da nota Ben é um médico cirurgião e Ashley é uma atraente e simpática jornalista que está a poucos dias do seu casamento. Conhecem-se na sala de embarque de um aeroporto, enquanto esperam pelo seu voo, atrasado devido ao mau tempo. Quando a viagem é cancelada, Ben aluga um avião particular para poderem regressar a casa.<br/>Durante a viagem o impensável acontece: o avião cai numa zona isolada e gelada no meio do nada.<br/>Ben e Ashley sobrevivem ao acidente. Sozinhos e feridos, têm de lutar contra as adversidades e as temperaturas negativas daquele lugar inóspito.<br/>A luta pela sobrevivência vai despertar neles os sentimentos mais sinceros e levá-los a questionar o rumo das suas vidas até então. Será que conseguem sobreviver? E se conseguirem, até que ponto esta experiência mudará os seus destinos?
606 ## - Nome comum usado como assunto
ID Autoridade 13
Palavra de ordem Literatura Estrangeira
675 ## - CDU
Notação 821.111(73)-31"20"
Língua por
700 ## - Autor principal (pessoa individual)
Apelido Martin
Nome Charles
Datas 1969-
ID Autoridade 5639
702 ## - Autor secundário (pessoa individual)
Apelido Ramos
Nome Cláudia
ID Autoridade 3476
702 ## - Autor secundário (pessoa individual)
Apelido Ramos
Nome Helena
ID Autoridade 3148
801 #0 - Fonte de origem
País PT
Agência BMVN
Regras de catalogação RPC
830 ## - Notas gerais do catalogador
Criado por Inês Silva
Data de criação 31/12/2021
990 ## - Elementos KOHA
Tipo de documento Livro
Exemplares
Situação do levantamento Biblioteca de origem Código de barras Cota Permissão de empréstimo Tipo de documento Forma de aquisição
  Biblioteca Municipal de Vendas Novas 100000006427 LE MAR/MON   Livro  

Powered by Koha